01632nam a2200289 u 450000500170000000800410001702000320005804000200009004100130011004400070012308200170013010000240014724501840017124600980035525000280045326000770048130000210055852005510057965300130113065300180114365300190116165300140118070000170119494200120121195201100122399900090133320240524070845.0210106s2020 vm vie d a9786045848012c:98.000 VNĐ aDLCbvieeAACR21 avieheng avm74a177.7bT550T1 aRussell, Bernadette aTử tế đáng giá bao nhiêu?b: The little book of kindness : everyday actions to change your life and the world around youc/Bernadette Russell ; Thanh Thảo dịch.11aThe little book of kindnessb: everyday actions to change your life and the world around you  a Tái bản lần 1. a TP. Hồ Chí Minhb: Tổng hợp TP. Hồ Chí Minhc, 2020 a158 tr.c; 17 cm 3aNhững ý tưởng giúp bạn thực hành sự tử tế trong cuộc sống hằng ngày và duy trì sự tử tế của bạn suốt cả năm: Tử tế với bản thân, những người bạn yêu thương, người lạ, những người bất đồng ý kiến với bạn, người lớn tuổi, với môi trường, với cộng đồng nơi bạn đang sống, tử tế trên mạng xã hội, tử tế trong công việc.  0aKindness 4aHạnh phúc 4aLòng tốt 0aHappiness0 aThanh Thảo 2ddccBK 00102ddc4070aCPLbCPLd2024-05-09l0o177.7 T550TpDL00000004r2024-05-09 03:46:28t1w2024-05-09yBK c5d5